000 00629nam a2200277Ia 4500
005 20260324134408.0
008 008 260324s9999 xx 000 0 eng d
020 _a9781315000664
037 _aEBOOK
040 _aCRL
040 _beng
040 _cCRL
041 _2eng
041 _aeng
084 _qCRL
100 _aDana H. Allin
_91196652
245 0 _aNATO's Balkan Interventions
260 _bTaylor and Francis
260 _c2002
365 _a
365 _b265
856 _uhttp://www.taylorfrancis.com/books/9781315000664
942 _cEBOOK
999 _c1796712
_d1796712